Största städerna på G i Nordamerika, enligt bild - Statistics

General Stats
  • This quiz has been taken 2 times
  • The average score is 8 of 20
Answer Stats
Picture Hint Answer % Correct
🇺🇸 170 000 {Garden} Grove
100%
🇺🇸 200 000 Grand {Rapids}
100%
🇲🇽 1 390 000 Guadalajara
100%
🇬🇹 920 000 Guatemala City
100%
🇺🇸 240 000 Garland
50%
🇺🇸 250 000 Glendale
50%
🇺🇸 190 000 Glendale
50%
🇭🇹 230 000 Gonaïves (Gonayiv)
50%
🇺🇸 200 000 Grand {Prairie}
50%
🇺🇸 300 000 Greensboro
50%
🇨🇺 210 000 Guantánamo
50%
🇨🇦 140 000 Guelph
50%
🇺🇸 150 000 Gainesville
0%
🇲🇽 230 000 García
0%
🇺🇸 280 000 Gilbert
0%
🇲🇽 300 000 {Gómez} Palacio
0%
🇺🇸 110 000 Gresham
0%
🇲🇽 640 000 Guadalupe
0%
🇲🇽 170 000 Guadalupe
0%
🇲🇽 120 000 {Guaymas} (Heroica Ciudad de {Guaymas})
0%
No matching quizzes found
Score Distribution
Percent of People with Each Score
Percentile by Number Answered
Your Score History
You have not taken this quiz